000 00544 a2200169 4500
003 OSt
005 20231110111854.0
008 231110b |||||||| |||| 00| 0 eng d
020 _a9960980138
040 _coclc
082 _a297.092
_bMAW/I
100 1 _aIbn ʻAbdul-Maujood, Salaahud-Deen ibn ʻAlee
_99887
245 _aImām Saʻeed bin al-Musayyab /
_b Salaahud-Deen ibn ʻAleeI bn ʻAbdul-Maujood,
260 _aRiyadh:
_bDarussalam,
_c2005.
300 _a201p
942 _2ddc
_cBK
_h297.092
_iMAW/I
_k297.092
_mMAW/I
999 _c43021
_d43021